000 01606nam a2200373 a 4500
001 ebr5007088
003 CaPaEBR
006 m u
007 cr cn|||||||||
008 970415s1998 ctua sb 001 0 eng
010 _z 97016126
020 _z031329514X (alk. paper)
040 _aCaPaEBR
_cCaPaEBR
035 _a(OCoLC)70769092
050 1 4 _aH61.8
_b.L56 1998eb
082 0 4 _a028.1
_221
100 1 _aLindholm-Romantschuk, Ylva.
245 1 0 _aScholarly book reviewing in the social sciences and humanities
_h[electronic resource] :
_bthe flow of ideas within and among disciplines /
_cYlva Lindholm-Romantschuk.
260 _aWestport, Conn. :
_bGreenwood Press,
_c1998.
300 _aix, 152 p. :
_bill.
490 1 _aContributions in librarianship and information science,
_x0084-9243 ;
_vno. 91
504 _aIncludes bibliographical references (p. [137]-144) and index.
533 _aElectronic reproduction.
_bPalo Alto, Calif. :
_cebrary,
_d2013.
_nAvailable via World Wide Web.
_nAccess may be limited to ebrary affiliated libraries.
650 0 _aCommunication in the social sciences.
650 0 _aCommunication in the humanities.
650 0 _aSocial sciences
_xAuthorship.
650 0 _aHumanities
_xAuthorship.
650 0 _aScholarly publishing.
650 0 _aBook reviewing.
655 7 _aElectronic books.
_2local
710 2 _aebrary, Inc.
830 0 _aContributions in librarianship and information science ;
_vno. 91.
856 4 0 _uhttp://site.ebrary.com/lib/rucke/Doc?id=5007088
_zAn electronic book accessible through the World Wide Web; click to view
999 _c21155
_d21155